The effect of feeding frequency of fresh trash fish the growth and survival rate of oxyeleotris marmorata culture in cement tank, ឥទ្ធិពលចំនួនដងនៃការផ្ដល់ចំណីត្រីស្រស់(ត្រីលេខប៣)ទៅលើការលូតលាស់ និងអត្រារស់របស់ត្រីដំរីចិញ្ចឹមក្នុងអាងស៊ីម៉ង់តិ៍ (Record no. 3845)

000 -LEADER
fixed length control field 00821nam a22001577a 4500
003 - CONTROL NUMBER IDENTIFIER
control field OSt
005 - DATE AND TIME OF LATEST TRANSACTION
control field 20151202134635.0
008 - FIXED-LENGTH DATA ELEMENTS--GENERAL INFORMATION
fixed length control field 151202b xxu||||| |||| 00| 0 eng d
040 ## - CATALOGING SOURCE
Transcribing agency RUA
082 ## - DEWEY DECIMAL CLASSIFICATION NUMBER
Classification number FIS HEN 2002 B173 Or.1
100 ## - MAIN ENTRY--PERSONAL NAME
9 (RLIN) 4132
Personal name HENG, CHHEANGKIM.
245 ## - TITLE STATEMENT
Title The effect of feeding frequency of fresh trash fish the growth and survival rate of oxyeleotris marmorata culture in cement tank, ឥទ្ធិពលចំនួនដងនៃការផ្ដល់ចំណីត្រីស្រស់(ត្រីលេខប៣)ទៅលើការលូតលាស់ និងអត្រារស់របស់ត្រីដំរីចិញ្ចឹមក្នុងអាងស៊ីម៉ង់តិ៍
260 ## - PUBLICATION, DISTRIBUTION, ETC. (IMPRINT)
Place of publication, distribution, etc. Phnom Penh
Name of publisher, distributor, etc. RUA
Date of publication, distribution, etc. 2002
300 ## - PHYSICAL DESCRIPTION
Extent 54p.
Other physical details ill.
Dimensions 29cm.
942 ## - ADDED ENTRY ELEMENTS (KOHA)
Source of classification or shelving scheme
Koha item type FIS
Holdings
Price effective from Date last seen Permanent Location Not for loan Date acquired Source of classification or shelving scheme Koha item type Lost status Withdrawn status Date last checked out Total Checkouts Shelving location Damaged status Barcode Current Location Full call number
2015-12-022024-03-13Library Block B 2015-12-02 FIS  2024-03-011B173 RUA010372Library Block BFIS HEN 2002 B173 Or.1
2015-12-022015-12-02Library Block B 2015-12-02 FIS    B173 RUA010011Library Block BFIS HEN 2002 B173 Or.2
2015-12-022015-12-02Library Block B 2015-12-02 FIS    B173 RUA010815Library Block BFIS HEN 2002 B173 Or.3
2015-12-022015-12-02Library Block B 2015-12-02 FIS    B173 RUA028107Library Block BFIS HEN 2002 B173 Or.4
2015-12-022015-12-02Library Block B 2015-12-02 FIS    B173 RUA028163Library Block BFIS HEN 2002 B173 Or.5
2015-12-022015-12-02Library Block B 2015-12-02 FIS    B173 RUA028441Library Block BFIS HEN 2002 B173 Or.6
មជ្ឈមណ្ឌលឯការនៃសាកលវិទ្យាល័យភូមិន្ទកសិកម្មចំការដូង

Powered by Koha